000 00643nam a2200205Ii 4500
003 JO-AjNU
008 230605s9999||||xx |||||||||||||| ||und||
040 _aJO-AjNU
_bara
_erda
_cJO-AjNU
041 _aara
050 1 4 _aLC189.N8 1978
100 3 _aالنجيحي،محمد لبيب,
_eauthor
_99962
245 0 0 _aالأسس الإجتماعية للتربية
250 _aط7
264 3 1 _aالقاهرة:مكتبة الأنجلو المصرية،1978
300 _a380ص
336 _atext
_btxt
_2rdacontent
337 _aunmediated
_bn
_2rdamedia
338 _avolume
_bnc
_2rdacarrier
650 4 _aالتربية-المجتمع
_99963
999 _aA1567
_c5135
_d5135